Nobelpreisträgerinnen : 14 Schriftstellerinnen Im Porträt.

Bibliographic Details
Main Author: Olk, Claudia.
Other Authors: Zepp, Susanne.
Format: eBook
Language:German
Published: Berlin/Boston : Walter de Gruyter GmbH, 2019.
Edition:1st ed.
Subjects:
Online Access:Click to View
LEADER 01942nam a22003733i 4500
001 EBC6637581
003 MiAaPQ
005 20231204023216.0
006 m o d |
007 cr cnu||||||||
008 231204s2019 xx o ||||0 ger d
020 |a 9783110619034  |q (electronic bk.) 
020 |z 9783110619010 
035 |a (MiAaPQ)EBC6637581 
035 |a (Au-PeEL)EBL6637581 
035 |a (OCoLC)1114797163 
040 |a MiAaPQ  |b eng  |e rda  |e pn  |c MiAaPQ  |d MiAaPQ 
100 1 |a Olk, Claudia. 
245 1 0 |a Nobelpreisträgerinnen :  |b 14 Schriftstellerinnen Im Porträt. 
250 |a 1st ed. 
264 1 |a Berlin/Boston :  |b Walter de Gruyter GmbH,  |c 2019. 
264 4 |c {copy}2019. 
300 |a 1 online resource (306 pages) 
336 |a text  |b txt  |2 rdacontent 
337 |a computer  |b c  |2 rdamedia 
338 |a online resource  |b cr  |2 rdacarrier 
505 0 |a Intro -- Inhalt -- Einleitung -- Selma Lagerlöf (1909) -- Grazia Deledda (1926) -- Sigrid Undset (1928) -- Pearl S. Buck (1938) -- Gabriela Mistral (1945) -- Nelly Sachs (1966) -- Nadine Gordimer (1991) -- Toni Morrison (1993) -- Wisława Szymborska (1996) -- Elfriede Jelinek (2004) -- Doris Lessing (2007) -- Herta Müller (2009) -- Alice Munro (2013) -- Svetlana Aleksievič/Светлана Александровна Алексиевич (2015) -- Kurzbiographien. 
588 |a Description based on publisher supplied metadata and other sources. 
590 |a Electronic reproduction. Ann Arbor, Michigan : ProQuest Ebook Central, 2023. Available via World Wide Web. Access may be limited to ProQuest Ebook Central affiliated libraries.  
655 4 |a Electronic books. 
700 1 |a Zepp, Susanne. 
776 0 8 |i Print version:  |a Olk, Claudia  |t Nobelpreisträgerinnen  |d Berlin/Boston : Walter de Gruyter GmbH,c2019  |z 9783110619010 
797 2 |a ProQuest (Firm) 
856 4 0 |u https://ebookcentral.proquest.com/lib/matrademy/detail.action?docID=6637581  |z Click to View